000
00298nam a2200121 a 4500
008
101022s1957|||| d
245
1
0
_a
Pánska lumpačka
044
_a
xo
_c
SK
041
_a
slo
100
1
_a
Móricz, Zsigmond
260
_b
Slovenský spisovateľ
_a
Bratislava
_c
1957
020
_c
11,40
999
_c
12078
_d
12078